000 02118cam a2200313 i 4500
999 _c6026
_d6026
001 898987
003 OCoLC
005 20190111164048.0
008 740421s1974 ilu b 001 0 eng
010 _a74162924
020 _a0802479014
020 _a9780802479013
035 _a(OCoLC)898987
040 _aDLC
_beng
_cDLC
_dWY@
_dOCLCQ
_dOCLCF
_dOCLCO
_dCIRBC
_dOCLCQ
_dMXL
082 _a260
_bG394s
092 _a260
_bG394s
100 1 _aGetz, Gene A.
245 1 0 _aSharpening the focus of the church /
_cby Gene A. Getz ; introd. by George W. Peters.
260 _aChicago :
_bMoody Press,
_c©1974.
300 _a320 pages ;
_c24 cm
336 _atext
_btxt
_2rdacontent
337 _aunmediated
_bn
_2rdamedia
338 _avolume
_bnc
_2rdacarrier
504 _aIncludes bibliographical references (page 317).
505 0 _a1. Toward a proper perspective -- Part I: The lens of scripture -- 2. Why the church exists -- 3. Making disciples -- 4. Principles of New Testament evangelism -- 5. Building the church -- 6. Vital New Testament experiences -- 7. Principles of New Testament edification -- 8. Leadership in the New Testament church -- Phase 1 -- 9. Leadership in the New Testament church -- Phase 2 -- 10. The functioning body -- 11. Principles of New Testament leadership -- 12. Biblical examples of administration and organization -- 13. Principles of biblical administration and organization -- 14. Communication in the New Testament -- 15. Principles of New Testament communication -- Part II: The lens of history -- 16. Institutionalism in history -- 17. Reflections of institutionalism in the evangelical church -- Part III: The lens of culture -- 18. Understanding culture -- 19. Cultural implications for the twentieth century church -- Part IV: Developing a contemporary strategy -- 20. Developing proper perspective -- step by step -- 21. Formulating objectives, goals, and standards -- Appendix A: An opportunity to make your own inductive study -- Appendix B: Activities and directives -- results and objectives.
650 0 _aChurch.
650 0 _aTheology, Practical.
942 _2ddc
_cBK